Who Am I - Football Edition - Statistics

General Stats
  • This quiz has been taken 196 times
  • The average score is 8 of 9
Answer Stats
Hint Answer % Correct
I am the record Champions League goalscorer, the record international scorer, the record
scorer of all time, I have played for 4 clubs and I have won 5 ballon d'ors.
Cristiano Ronaldo
96%
I played for Barcelona for 17 years, I have won 7 ballan d'ors, the most of any player,
I won the Copa America in 2021.
Lionel Messi
92%
I am Argentinian. I scored 22 goals and assisted 5 in the 2017-18 season in the Serie A. I featured in the Champions League final in 2017 where we lost 4-1 against Real Madrid. Paulo Dybala
90%
I hold the record of scoring the most bundesliga goals in a single season, I am known for scoring a record 5 goals in the space of 9 minutes. Robert Lewandowski
88%
I am an MBE, I have scored the most Premier League goals scored for a single club which is an all-time record, I was born in England in the county of Essex. Harry Kane
86%
I am the second most expensive player in the world, I am only the second teenager
to score in a World Cup final.
Kylian Mbappe
84%
I've won back-to-back PL titles, but not with the same club. I have also won the
World Cup. I signed a new five-year deal with Chelsea in November 2018.
N'Golo Kante
82%
I am 21 years old, I missed the deciding penalty of the Euro's 2022 Final, I have gained a rating of 82 in FIFA 23 throughout my exceptional performances of the 2021-22 season. Bukayo Saka
80%
I transferred to Juventus in 2013 but got transferred back to my previous club for a
world record transfer (then it was a world record), I now transferred to Juventus again.
Paul Pogba
79%
No matching quizzes found
Score Distribution
Percent of People with Each Score
Percentile by Number Answered
Your Score History
You have not taken this quiz